| 000 | 00925cab a2200229 4500 | ||
|---|---|---|---|
| 001 | ABS59388 | ||
| 008 | 090401t1998 xxu||||| |||| 00| 0 eng d | ||
| 035 | _a(Sirsi) u88906 | ||
| 041 | _aeng | ||
| 100 | _aMacaulay, M, | ||
| 245 | _aConstruction contracts: Inclusions or exclusions? | ||
| 260 | _c1998 | ||
| 350 | _a0 | ||
| 490 |
_aConstruction Law Journal _v14(5) 1998, 318-321(4) |
||
| 520 | _aExplains the exclusion order which came into force at the same time as Part III of the Housing Grants, Construction and Regeneration Act 1996. Excluding a number of types of contracts such as planning obligations, performance bonds, and insurance contracts. | ||
| 650 | _aBUILT ENVIRONMENT-BUILDING CONTRACT FORMS | ||
| 650 | _aEXCLUSION ORDER | ||
| 650 | _aHOUSING GRANTS CONSTRUCTION AND REGENERATION ACT 1996 PART 11 | ||
| 690 | _aBUILT ENVIRONMENT-BUILDING CONTRACT FORMS | ||
| 942 | _n0 | ||
| 948 | _c09/10/1998 | ||
| 999 |
_c56222 _d56222 |
||